000 00357nam a2200133Ia 4500
008 240624s9999 xx 000 0 und d
041 _aeng
082 _a658.8 WER
100 _aWERTIME KENT
245 _aDIGIMARKETING THE ESSENTIAL GUIDE TO NEW
260 _c2008
_aSingapore
_bJohn Wiley and Sons
300 _axiv, : 406 : p. : cm. ; 24
365 _c
_b30
999 _c12715
_d12715